Countries that grow the most Corn - Statistics

General Stats
  • This quiz has been taken 48 times
  • The average score is 8 of 10
Answer Stats
Metric Tons Country % Correct
354M United States
98%
274M China
96%
76M India
96%
136M Brazil
93%
49M Russia
93%
69M Mexico
91%
105M Argentina
85%
84M Ukraine
70%
89M Indonesia
50%
52M Romania
15%
No matching quizzes found
Score Distribution
Percent of People with Each Score
Percentile by Number Answered
Your Score History
You have not taken this quiz